| 000 | 00654nam a2200181 i 4500 | ||
|---|---|---|---|
| 001 | bgj | ||
| 245 | 0 |
_aCELEBRATE ! : _bholidays in the U.S.A. / _cEnglish Language Program Division, Bureau of Educational and Cultural Affairs of United States Information Agency. |
|
| 260 |
_aWashington, D.C. : _bUnited States Information Agency, _c1993. |
||
| 300 |
_a151 pp : _bphotos ; _c26 cm. |
||
| 504 | _aBibliography p.139-140. | ||
| 505 | _aIncludes glossary. | ||
| 651 | 9 |
_aUnited States _xSocial life and customs |
|
| 710 | _aUnited States Information Agency | ||
| 040 | _cBPK | ||
| 041 | 0 | _aeng | |
| 942 | _cKS | ||
| 008 | s uk f |000 0 eng | ||
| 999 |
_c47456 _d47456 |
||
| 856 |
_uhttp://koha.tu.koszalin.pl/cgi-bin/koha/opac-detail.pl?biblionumber=47456 _yKatalog online BPK |
||